Accidentes de tránsito en carreteras interurbanas pavimentadas

Tallennettuna:
Bibliografiset tiedot
Päätekijä: Barrantes González, Jenny
Muut tekijät: Cordero Araya, Manuel
Aineistotyyppi: Kirja
Julkaistu: San José, Costa Rica 1988
Aiheet:
Tagit: Lisää tagi
Ei tageja, Lisää ensimmäinen tagi!

MARC

LEADER 00000nam a2200000Ia 4500
003 004618
005 20221231144344.0
008 140114s1988 cr a m 000 ||s d
040 |c cru CEDI 
090 |a TFG 2118 
100 |a Barrantes González, Jenny  |9 13622 
245 |a Accidentes de tránsito en carreteras interurbanas pavimentadas  
260 |c 1988  |a San José, Costa Rica 
300 |a  [252] hojas : ilustraciones (1 plegables) ; 29 cm  
500 |a  Proyecto de graduación (licenciatura en ingeniería civil)--Universidad de Costa Rica. Facultad de Ingeniería. Escuela de Ingeniería Civil 
650 |x ACCIDENTES DE TRANSITO - COSTA RICA  |9 13625 
700 |9 13623  |a Cordero Araya, Manuel 
942 |c TFG  |2 ddc 
999 |c 20645  |d 20645